000 00686nam a22002057a 4500
999 _c179260
_d179260
005 20210603153952.0
010 _aB-739968
020 _a9780415308502
_c325.00
035 _aB-739968
037 _bGift
082 _a305.42
100 _aPollock, Griselda
245 _aVision and difference:
_bfemininity, feminism, and histories of art /
_cby Griselda Pollock
260 _aLondon
_bRoutledge
_c2006
270 _a11 New Fetter Lane,
_bLondon
300 _axxxviii, 320p.:
_bill.
_c20cm(pbk)
500 _aincludes bibliographical references and index
942 _2ddc
_cEN
_h305.42
_mPOL